000 01545nam a22002777a 4500
001 BH33482
003 ES-SlBCS
005 20260703091231.0
008 260703b 1597 sp||||| |||| 00| 0 lat d
040 _aES-SlBCS
_bspa
041 _alat
100 _aFr. Juan Gutierrez
_eOP
_926576
110 _aDominicos
_96838
240 _aProcessionale.
_lLatín
245 _aProcessionarium secundum morem almi Ordinis Praedicatorum, Sanctissimi Dominici patris nostri novissimè recognitum & a multis erroribus emmendatum (sic) per quendam fratrem eiuisdem Ordinis in Conventu S. Pauli Hispalensis.
260 _aHispali :
_bApud Ferdinndum Diaz,
_c1597
300 _a[IV], CXLIII h :
_c20 cm
500 _aEjemplar muy raro. Cf. Odriozola, nº 644, quien afirma que nadie ha citado ejemplar hasta ahora. Este procede del Archivo Provincial de Bética. Portada ilustrada, con lm. en media página .
500 _aA dos tintas, con tetragramas. Priviegio Real en f. [2] y [3r]. Sigue carta de Fr. Juan Gutiérrez al Provincial Decreto del mismo, Fr. Gaspar de Córdoba, con fecha 27 de abtil de 1597. Indices completos fol. 3v y 4r.
500 _aTiene colofón, que repite lugar y fecha de publicación. Mención del Provincial de la Provincia de Bética, Fr. Cristóbal de Guzmán. Afectado en algunas hojas por ácaros.
561 _aSto. Tomás (Sevilla)
650 _aLiturgia
_vDominicos
_yObras anteriores a 1800
_914522
700 _aFernando Diaz
_eImpresor (Sevilla)
_926577
752 _aEspaña
_dSevilla
942 _2lcc
_cLA
999 _c18527
_d21758